Otra expectativa incumplida (Registro nro. 20341)

Detalles MARC
000 -LEADER
fixed length control field 00309 a2200109 4500
001 - CONTROL NUMBER
control field ART_52215
005 - DATE AND TIME OF LATEST TRANSACTION
control field 20260410161758.0
008 - FIXED-LENGTH DATA ELEMENTS--GENERAL INFORMATION
fixed length control field 260409a
100 1# - MAIN ENTRY--PERSONAL NAME
Personal name Mastandrea, Alberto F.
245 10 - TITLE STATEMENT
Title Otra expectativa incumplida
773 0# - HOST ITEM ENTRY
Title Doctrina tributaria
Related parts - N°492 (mar. 2021)
Record control number REV4296

No hay ítems disponibles.